000 00684nam a22002177a 4500
005 20150615164144.0
008 140714b xxu||||| |||| 00| 0 Urdu d
010 _aUR-9067
020 _c150.00
035 _aU-7622
037 _bDBAD
040 _aDPL
_bUrdu
082 _a841
100 _aظفر عا د ل قر يشی
245 _aا نکشا ف سخن
_cظفر عا د ل قر يشی
246 h _aInkashaf-e-Sukhan
_bBy Zafer Aadil Qureshi
260 _b Zafer Aadil Qureshi
_c2014
_aMuradabad
270 _aear Dair wali Masjid Asalatpura
_bMuradabad,,U.P.
_k9897183506
_e244001
300 _a160ص
_c22Cm (Hb)
942 _2ddc
_cUR
_e
_h841
_mق ر ے
999 _c94281
_d94281